000 00900nam a2200253Ia 4500
003 OSt
005 20221005104202.0
006 a|||||r|||| 00| 0
007 ta
008 221004b |||||||| |||| 00| 0 hin d
024 _a32601
037 _cTextual
040 _aCRL
_cCRL
_bhin
041 _2hin
_ahin
082 _aO152,3:g, K2
100 _aचतुर्वेदी, महेन्द्र
245 0 _aहिन्दी उपन्यास
_b एक सर्वेक्षण
246 _aHindī upanyāsa: ek sarvekṣhaṇa
260 _aदिल्ली
_bनेशनल पब्लिशिंग हाउस भारत
_c1962
300 _a221पृ.
_ccm.
650 _aहिन्दी साहित्य
942 _hO152,3:g, K2
_cTEXL
_2cc
999 _c1011975
_d1011975